| 000 | 00641njm a22001817a 4500 | ||
|---|---|---|---|
| 005 | 20160929150635.0 | ||
| 008 | 160506b xxu||||| |||| 00| 0 spa d | ||
| 041 | _aspa | ||
| 110 |
_a Evolución _923652 |
||
| 245 | _aAmor artificial | ||
| 260 |
_aCosta Rica _bEvolución _c2007 |
||
| 505 | _a1.Quevoasaber 2.Represión 3.Bajo el sol 4.Lágrimas 5.No me diga 6.Escondiendo 7.Amor artificial 8.Puro cariño 9.Instinto reproductor 10.Campo abierto 11.Contaminador 12.Esas canciones | ||
| 650 |
_aCOSTA RICA _923653 |
||
| 650 |
_aMÚSICA POPULAR _97685 |
||
| 650 |
_aMÚSICA COSTARRICENSE _97555 |
||
| 650 |
_aMÚSICA ROCK _923627 |
||
| 942 | _cMU | ||
| 999 |
_c8448 _d8448 |
||